| 000 | 00460nam a22001577a 4500 | ||
|---|---|---|---|
| 008 | 230522b |||||||| |||| 00| 0 eng d | ||
| 040 |
_aNational Science Library _cNational Science Library |
||
| 080 |
_a581.9:582 _bK5 |
||
| 100 |
_aGood, Ronald _99106 |
||
| 245 | _aGeography of the flowering plants | ||
| 260 |
_aLondon: _bLongmans Green and Co Ltd, _c1964 |
||
| 300 | _axvi, 518p. | ||
| 650 | _aGeography | ||
| 653 | _aFlowering plants | ||
| 942 |
_2udc _cBK |
||
| 999 |
_c32686 _d32686 |
||